01229nam a22003377a 4500003000500000005001700005008004100022010000900063011000900072035000900081040000900090090001000099100003800109245014100147260004000288300002000328500001000348502007700358590003700435590004100472590004100513590004100554590004200595650002000637650003400657901000700691942001000698949004100708999001500749952012700764CHAP20220329133424.0971013s1993 r 00010 d a6197 a7169 a6392 cCHAP aTesis00aVergara García, Israel.9118883 aSintomatología e identificación de enfermedades bacterianas y fungosas en gerbera (Gerbera jamesonii) H. Bolus en Chapingo, México aChapingo, Méx. :bEl autor,c1993 a125 h.b: ilus. a61-88 aTesis (Ing. Agr. Esp. en Fitotecnia) -- UACH. Departamento de Fitotecnia aALEPHb10c20130110lUCH01h1217 aBATCH-UPDb10c20130110lUCH01h1946 aBATCH-UPDb10c20130410lUCH01h1309 aBATCH-UPDb10c20130914lUCH01h1540 aCONVERSIONb10c20130109lUCH01h130414aGerbera.94771014aGerberaxEnfermedades.947716 aBK cTESIS bBCcTESd-15993eTS1h25431i6392si c6197d6197 00102local4051708TESISaBCbBCcPA_TESISd2019-12-31fTESISl0oTesisp-15993r2019-12-31 00:00:00w2019-12-31yTESIS